| 000 | 01371nac a22003737a 4500 | ||
|---|---|---|---|
| 001 | BR8102866 | ||
| 003 | BR-BrBNA | ||
| 005 | 20240105114958.0 | ||
| 008 | 230509b bl.|||m| |||| 00| 0 por d | ||
| 040 |
_aBR-BrBNA _bpor _cBiblioteca Nacional de Agricultura |
||
| 072 | _aK50 | ||
| 090 | _a3290 BR8102866 | ||
| 100 | 1 | _aMelo, C.F.M. de | |
| 100 | 1 | _aWisniewski, A. | |
| 100 | 1 | _aAlves, S. de M. | |
| 110 | 1 | _aCentro de Pesquisa Agropecuaria do Tropico Umido, Belem, PA (Brasil) | |
| 111 | 1 |
_a1. Encontro de Profissionais de Quimica da Amazonia _cBelem, PA (Brazil) _d1980 |
|
| 245 | 1 | _aA cuiarana como materia prima papeleira [Terminalia amazonia; Arvore florestal; Celulose; Polpa; Madeira; Brasil] | |
| 246 | 1 | _a[The Terminalia amazonia as raw material for paper industry [Forest tree; Cellulose; Pulp; Wood; Brazil]] | |
| 260 | 3 |
_aBelem, PA (Brasil): _c1980. |
|
| 300 | _a26 p. | ||
| 490 |
_aBoletim de Pesquisa - Centro de Pesquisa Agropecuaria do Tropico Umido (Brazil) _vno. 19 _xISSN 0100-7262 |
||
| 500 | _a18 tables; Summaries (En, Pt); 12 ref. | ||
| 650 | _aIndustria florestal | ||
| 650 | _aArvore florestal | ||
| 650 | _aCuiarana | ||
| 650 | _aMadeira | ||
| 650 | _aPapel | ||
| 650 | _aPolpa | ||
| 650 | _aCelulose | ||
| 650 | _aMateria prima vegetal | ||
| 909 |
_a202312 _bLúcia Elande _c55 _dLúcia Elande |
||
| 942 |
_2AGRIS _n0 _cMS |
||
| 999 |
_c272370 _d272370 |
||